000 00292nam a22001337a 4500
008 181008b xxu||||| |||| 00| 0 eng d
020 _a9780763708382
041 _aeng
080 _a616.073
100 _a6
101 _aGJEN
245 _aEssential Genetics
_cHartl, D.L
942 _2udc
_cBK
999 _c49079
_d49079